000 00693nam a22002177a 4500
999 _c20627
_d20627
003 AR-CdUCM
008 190531b ||||| |||| 00| 0 spa d
040 _aMUNICIPALIDAD PROVINCIAL DEL CUSCO
_cBIBLIOTECA MUNICIPAL DEL CUSCO
082 _a985.632 /
_bC314
100 _aCarreño C., Raúl.
_943105
245 _aVisión de Apurímac /
260 _aCusco :
_bKOPYGRAF,
_c2009.
300 _bFotografías,
_c30 cm.
500 _aNo contiene numeración de pagina
505 _aContenido: Departamento de Apurimac.
650 _aApurimac
_91025
650 _aAtractivos turisticos
_943106
700 _aKalafatovich C., Susana
_943107
942 _2ddc
_cLIBROS
945 _adavv
_d2019-05-31